Easy Geography True or False #2 - Statistics

General Stats
  • This quiz has been taken 61,669 times
  • The average score is 13 of 15
Answer Stats
Question Answer % Correct
China is bigger than France True
97%
Iran is in Africa False
96%
Iraq is in the Middle East True
95%
Cuba touches the Caribbean Sea True
94%
Sweden is further north than Switzerland True
94%
Greece is landlocked False
93%
Singapore is a French-speaking country False
92%
It is always night on the North Pole False
91%
The Pacific Ocean is the largest ocean in the world True
91%
The Yellow River flows through China True
88%
Puerto Rico is a territory of the United States True
86%
A steppe is a region that is covered by forest False
76%
During the winter months, Cairo gets more rain than New York City False
73%
The North Pole has a latitude of 100 °N False
65%
The percentage of people living in extreme poverty has DECREASED since the year 1990 True
52%
No matching quizzes found
Score Distribution
Percent of People with Each Score
Percentile by Number Answered
Your Score History
You have not taken this quiz